000 00301nam a22001337a 4500
008 170202b xxu||||| |||| 00| 0 eng d
020 _a9780838512227
041 _aeng
080 _27TH
_a61
100 _a3
101 _aSHM
245 _aCLINICIAN'S POCKET REFERENCE
_cGOMELLA, L.G
942 _2udc
_cBK
999 _c4282
_d4282